| 000 | 00569nam a2200157 4500 | ||
|---|---|---|---|
| 008 | 170331b xxu||||| |||| 00| 0 eng d | ||
| 022 | _a01153544 | ||
| 082 | _aDPer 338.05 En86 Apr-Jul 2015 v. 15, n. 158-161 | ||
| 100 |
_919710 _aRamos, J.E. |
||
| 245 |
_aSelling made easy: _bpocket market creates instant online stores for merchants/ _cJ.E. Ramos. |
||
| 260 |
_aPhilippines: _bSummit Media, _cApr-Jul 2015. |
||
| 300 |
_av15 n161, page 54: _billustrations, _c28 cm. |
||
| 500 | _aEntrepreneur. | ||
| 650 | 0 |
_919711 _aMerchants _xOnline stores |
|
| 942 |
_2ddc _cPER |
||
| 999 |
_c6519 _d6519 |
||